| 000 | 00627nam a2200193 a 4500 | ||
|---|---|---|---|
| 001 | 1343 | ||
| 003 | CDMR | ||
| 005 | 20131014113814.0 | ||
| 008 | 130130s1960||||||||||||||||||||||||||||d | ||
| 040 |
_aCDMR _bcat _cCDMR |
||
| 100 | 1 |
_aVarela Hervias, Eulogio _91041 |
|
| 245 | 1 | 0 |
_aGazeta Nueva _b: 1661-1663 : notas sobre la historia del periodismo español en la segunda mitad del siglo XVII _cpor E. Varela Hervias |
| 260 |
_aMadrid _c1960 _b[s.n] |
||
| 260 |
_a(Murcia _bImp. Nogués) |
||
| 300 |
_a169 p. _c24 cm |
||
| 650 | 0 | 4 |
_93173 _aPeriodisme _zEspanya _yS. XVII |
| 650 | 0 | 4 |
_93729 _aPremsa _xHistòria _zEspanya |
| 942 |
_cMON _2udc |
||
| 999 |
_c1343 _d1343 |
||